| 000 | 00397nam a22001337a 4500 | ||
|---|---|---|---|
| 005 | 2012021504344.0 | ||
| 020 |
_a9788128622281 _c75.00 |
||
| 100 |
_aBlyton,Enid _942177 |
||
| 245 |
_aNoddy : _cby Enid Blyton _bthe greedy goblins / |
||
| 260 |
_aMumbai _bEuro Books _c2009 |
||
| 270 |
_a158,Vidyanagari marg,Kalina,Santacruz(E), _bMumbai _e400098 |
||
| 300 |
_a26p _bill _c27cm(pbk) |
||
| 942 |
_2ddc _cCH _mBLY |
||
| 999 |
_c62895 _d62895 |
||